Paul Simon - Graceland (Tracks) - Statistics

General Stats
  • This quiz has been taken 38 times
  • The average score is 7 of 11
Answer Stats
Track Number Track Name % Correct
2 Graceland
100%
6 You Can Call Me Al
100%
1 The Boy in the Bubble
96%
5 Diamonds on the Soles of Her Shoes
86%
8 Homeless
75%
7 Under African Skies
64%
4 Gumboots
50%
3 I Know What I Know
50%
10 That Was Your Mother
46%
9 Crazy Love, Vol. II
43%
11 All Around the World or the Myth of Fingerprints
32%
No matching quizzes found
Score Distribution
Percent of People with Each Score
Percentile by Number Answered
Your Score History
You have not taken this quiz